| 000 | 01474cam a2200337 i 4500 | ||
|---|---|---|---|
| 003 | SA-RiAUC | ||
| 005 | 20260113130402.0 | ||
| 008 | 260105s1923 ua b g 00000dara c | ||
| 024 | 0 | _a36301000050360 | |
| 040 |
_aSA-RiAUC _bara _cSA-RiAUC _dSA-RiMOC _erda |
||
| 043 |
_aa-su--- _aawgz--- |
||
| 082 | 0 | 4 |
_a252.5 _qSA-RiAUC |
| 090 |
_aم ن 252.5 _bغ ا ل |
||
| 100 | 1 |
_aغالي، محمد حسن _eمؤلف. |
|
| 245 | 1 | 0 |
_aمرشد الحجاج إلى الأماكن المقدسة / _cمحمد حسن غالي. |
| 264 | 1 |
_a[مكان النشر غير محدد] : _b[الناشر غير محدد]، _c1923 |
|
| 264 | 3 |
_aالقاهرة : _bالمطبعة الرحمانية |
|
| 300 |
_a200 صفحة : _bخرائط ؛ _c16 × 13 سم |
||
| 336 |
_aنص _btxt _2rdacontent _3كتاب |
||
| 337 |
_aبدون وسيط _bn _2rdamedia |
||
| 338 |
_aمجلد _bnc _2rdacarrier |
||
| 500 | _aملخص رحلتيه إلى المدينة وبيت المقدس سنة 330 هـ وإلى مكة سنة 340 هـ. | ||
| 600 | 1 | 7 |
_aغالي، محمد حسن _xرحلات _2aucnm |
| 650 | 7 |
_aالأماكن المقدسة _xفضائل _2aucsh |
|
| 650 | 7 |
_aالحج (فقه إسلامي) _xمناسك _2aucsh |
|
| 651 | 7 |
_aالقدس _xوصف ورحلات _2aucsh |
|
| 651 | 7 |
_aمكة المكرمة _xوصف ورحلات _2aucsh |
|
| 651 | 7 |
_aالمدينة المنورة _xوصف ورحلات _2aucsh |
|
| 942 |
_2ddc _cRBOOK COPY _n0 |
||
| 949 |
_aSA-JeALM _d260105 _umohamedma123 _n1 |
||
| 999 |
_c14024 _d14024 |
||